Globalisation : (Record no. 11765)
[ view plain ]
| 000 -LEADER | |
|---|---|
| fixed length control field | 01460cam a22003854a 4500 |
| 001 - CONTROL NUMBER | |
| control field | 13849786 |
| 005 - DATE AND TIME OF LATEST TRANSACTION | |
| control field | 20050316113824.0 |
| 008 - FIXED-LENGTH DATA ELEMENTS--GENERAL INFORMATION | |
| fixed length control field | 040716s2004 be b 100 0 eng |
| 010 ## - LIBRARY OF CONGRESS CONTROL NUMBER | |
| LC control number | 2005354252 |
| 020 ## - INTERNATIONAL STANDARD BOOK NUMBER | |
| International Standard Book Number | 9780415250979 |
| 035 ## - SYSTEM CONTROL NUMBER | |
| System control number | (OCoLC)ocm55963205 |
| 040 ## - CATALOGING SOURCE | |
| Original cataloging agency | DLC |
| Transcribing agency | DLC |
| Modifying agency | DLC |
| 041 0# - LANGUAGE CODE | |
| Language code of text/sound track or separate title | eng |
| -- | fre |
| 042 ## - AUTHENTICATION CODE | |
| Authentication code | pcc |
| 050 00 - LIBRARY OF CONGRESS CALL NUMBER | |
| Classification number | HF1352 |
| Item number | .A25 2004 |
| 072 #7 - SUBJECT CATEGORY CODE | |
| Subject category code | HD |
| Source | lcco |
| 082 00 - DEWEY DECIMAL CLASSIFICATION NUMBER | |
| Classification number | 337 |
| Edition number | 22 |
| Item number | GLE |
| 245 00 - TITLE STATEMENT | |
| Title | Globalisation : |
| Remainder of title | North-South Perspectives |
| Statement of responsibility, etc | John Glenn |
| 246 3# - VARYING FORM OF TITLE | |
| Title proper/short title | About globalization |
| 260 ## - PUBLICATION, DISTRIBUTION, ETC. (IMPRINT) | |
| Place of publication, distribution, etc | London : |
| -- | New York : |
| Name of publisher, distributor, etc | Routledge, |
| Date of publication, distribution, etc | c.2007. |
| 300 ## - PHYSICAL DESCRIPTION | |
| Extent | 283 p. ; |
| Dimensions | 24 cm. |
| 490 0# - Series Statement | |
| Series statement | Publication series / Institute for European studies ; |
| Volume/sequential designation | nr. 1 |
| 500 ## - GENERAL NOTE | |
| General note | Includes Index. |
| 504 ## - BIBLIOGRAPHY, ETC. NOTE | |
| Bibliography, etc | Includes bibliographical references (p. 319-340). |
| 650 #0 - SUBJECT ADDED ENTRY--TOPICAL TERM | |
| Topical term or geographic name as entry element | International economic relations |
| Form subdivision | Congresses. |
| 9 (RLIN) | 5891 |
| 650 #0 - SUBJECT ADDED ENTRY--TOPICAL TERM | |
| Topical term or geographic name as entry element | Globalization |
| General subdivision | Economic aspects |
| Form subdivision | Congresses. |
| 9 (RLIN) | 5892 |
| 650 #0 - SUBJECT ADDED ENTRY--TOPICAL TERM | |
| Topical term or geographic name as entry element | Intellectual property |
| Form subdivision | Congresses. |
| 9 (RLIN) | 5893 |
| 650 #0 - SUBJECT ADDED ENTRY--TOPICAL TERM | |
| Topical term or geographic name as entry element | International cooperation |
| Form subdivision | Congresses. |
| 9 (RLIN) | 5894 |
| 700 1# - ADDED ENTRY--PERSONAL NAME | |
| Personal name | Schutter, Bart de. |
| 9 (RLIN) | 5895 |
| 700 1# - ADDED ENTRY--PERSONAL NAME | |
| Personal name | Pas, Johan. |
| 9 (RLIN) | 5896 |
| 710 2# - ADDED ENTRY--CORPORATE NAME | |
| Corporate name or jurisdiction name as entry element | Vrije Universiteit Brussel. |
| Subordinate unit | Institute for European Studies. |
| 9 (RLIN) | 5897 |
| 942 ## - ADDED ENTRY ELEMENTS (KOHA) | |
| Source of classification or shelving scheme | Dewey Decimal Classification |
| Item type | Book - Borrowing |
| Withdrawn status | Item status | Source of classification or shelving scheme | Damaged status | Not for loan | Vendor | Home library | Current library | Shelving location | Date acquired | Source of acquisition | Cost, normal purchase price | Serial Enumeration / chronology | Total Checkouts | Total Renewals | Full call number | Barcode | Date last seen | Date last borrowed | Koha item type |
|---|---|---|---|---|---|---|---|---|---|---|---|---|---|---|---|---|---|---|---|
| Dewey Decimal Classification | MERIC | Central Library | Central Library | First floor | 08/06/2009 | 187.00 | 9088 | 3 | 3 | 337 GLE | 000016662 | 15/07/2025 | 04/11/2020 | Book - Borrowing |